000 00304nam a2200121Ia 4500
008 220901s9999||||xx |||||||||||||| ||und||
082 _a513 BAL
100 _aBalaram, P.
245 0 _aCurrent science
250 _aVol.77 Issue 10, 11 & 12
260 _bIndian Academy Science
_c1999
650 _aPhysics
999 _c193943
_d193943